Geology of India (Record no. 26376)

MARC details
000 -LEADER
fixed length control field 00369nam a2200157Ia 4500
082 ## - DEWEY DECIMAL CLASSIFICATION NUMBER
Classification number 55(540)
Item number WAD
100 ## - MAIN ENTRY--AUTHOR NAME
Personal name WADIA, D N
245 #0 - TITLE STATEMENT
Title Geology of India
250 ## - EDITION STATEMENT
Edition statement Ed.4
260 ## - PUBLICATION, DISTRIBUTION, ETC. (IMPRINT)
Place of publication New Delhi
Name of publisher Tata Mcgraw Hill
Year of publication 1919
650 ## - SUBJECT ADDED ENTRY--TOPICAL TERM
Topical Term Geology
650 ## - SUBJECT ADDED ENTRY--TOPICAL TERM
Topical Term Physiography
650 ## - SUBJECT ADDED ENTRY--TOPICAL TERM
Topical Term Stratigraphy
942 ## - ADDED ENTRY ELEMENTS (KOHA)
Koha item type Books
Holdings
Withdrawn status Lost status Damaged status Not for loan Home library Current library Date acquired Full call number Accession Number Koha item type
        RRII Library RRII Library 16/12/2021 55(540) WAD 07013 Books